Ο Νόμος 1268 και οι μεταγενέστερες ρυθμίσεις για τα Α.Ε.Ι.
Αποθηκεύτηκε σε:
| Κύριος συγγραφέας: | |
|---|---|
| Μορφή: | Βιβλίο |
| Γλώσσα: | Greek |
| Δημοσίευση: |
Αθήνα :
Γ. Μπένου,
2008
|
| Έκδοση: | 7η εκδ. |
| Θέματα: | |
| Ετικέτες: |
Προσθήκη ετικέτας
Δεν υπάρχουν, Καταχωρήστε ετικέτα πρώτοι!
|
MARC
| LEADER | 00000nam a2200000 i 4500 | ||
|---|---|---|---|
| 001 | 1/11415 | ||
| 008 | 101220s2008 gre d | ||
| 020 | |a 978-960-8249-59-2 | ||
| 035 | |l 10109402 | ||
| 040 | |a GR-MY-UA |b gre |e aacr | ||
| 041 | 0 | |a gre | |
| 082 | 0 | |a 378.101209495 | |
| 100 | 1 | |a Μπένος, Σωτήριος Ε. | |
| 245 | 1 | 2 | |a Ο Νόμος 1268/82 : |b και οι μεταγενέστερες ρυθμίσεις για τα Α.Ε.Ι. / |c Σωτηρίου Ε. Μπένου |
| 250 | |a 7η εκδ. | ||
| 260 | |a Αθήνα : |b Γ. Μπένου, |c 2008 | ||
| 300 | |a 582 σ.; |c 24 εκ. | ||
| 504 | |a Περιέχει ευρετήριο | ||
| 650 | 0 | 0 | |a Education, Higher |x Law and legislation |z Greece. |
| 650 | 0 | 0 | |a Universities and colleges |x Law and legislation |z Greece. |
| 852 | |a INST |b SAMOS |e 20101220 |h 378.101209495 ΜΠΕ |p 005300033111 |q 005300033111 |t BK |y 0 | ||
| 852 | |a INST |b SAMOS |e 20101220 |h 378.101209495 ΜΠΕ |p 005300033112 |q 005300033112 |t BK |y 23 | ||
| 852 | |a INST |b SAMOS |e 20101220 |h 378.101209495 ΜΠΕ |p 005300033113 |q 005300033113 |t BK |y 0 | ||
| 901 | |a BIBL3-2010-3 | ||
| 909 | |a Σ |b 166657 | ||
| 909 | |a Σ |b 166658 | ||
| 909 | |a Σ |b 166659 | ||
| 922 | |a 3ΕΛΗ |b 201010 |c ΤΜΗΜΑ ΜΑΘΗΜΑΤΙΚΩΝ |d Π. ΙΩΑΝΝΙΔΟΥ | ||
| 970 | |a ΚΟΣΙΕΡΗΣ |b ΧΡΗΣΤΟΣ |z 2010/12/20 | ||